000 00623nam a2200157 a 4500
001 000028929
005 20200930055226.0
008 110412s1999 dr a 000 0 spa d
040 _aDO-SdBNP
_bspa
_cBNPHU
082 _axxx
110 0 _aPontificia Universidad Católica Madre y Maestra (PUCMM)
_bProyecto para el apoyo a Iniciativas Democráticas (PID)
_955881
245 1 0 _a7 años de compromiso con la democracia 92-99 :
_bProyecto para el apoyo a iniciativas democráticas/.
260 _aSanto Domingo :
_bPontificia Universidad Católica Madre y Maestra ,
_c1999.
300 _a67 p. :
_bil. ;
_c28 cm.
049 _aBNPD
999 _c28421
_d28421